[Event "KAZ-ch"]
[Site "Kostanay"]
[Date "2008.04.21"]
[Round "3"]
[White "Nugumanov, Bakhtiyar"]
[Black "Sagnayev, Kunanbay"]
[Result "1/2-1/2"]
[WhiteElo "2170"]
[BlackElo "1981"]
[PlyCount "43"]
[EventDate "2008.04.20"]
[EventType "swiss"]
[EventRounds "9"]
[EventCountry "KAZ"]
[SourceTitle "EXT 2022"]
[Source "ChessBase"]
[SourceDate "2021.10.06"]
[SourceVersion "1"]
[SourceVersionDate "2021.10.06"]
[SourceQuality "1"]

1. e4 e5 2. Nf3 Nc6 3. d4 exd4 4. Nxd4 Nf6 5. Nc3 Bb4 6. Nxc6 bxc6 7. Bd3 d5 8. exd5 cxd5 9. 0-0 0-0 10. Bg5 Be6 11. Qf3 Be7 12. Ne2 h6 13. Bh4 Rb8 14. b3 Rb4 15. Bxf6 Bxf6 16. c3 Bg4 17. Qg3 Bxe2 18. Bxe2 Re4 19. Bd3 Bxc3 20. Bxe4 Bxa1 21. Bxd5 Qxd5 22. Rxa1 1/2-1/2